[Event "Wch U20 Girls 31st"]
[Site "Kocaeli"]
[Date "2013.09.25"]
[Round "12"]
[White "Edes, Zsofia"]
[Black "Racki, Barbara"]
[Result "1-0"]
[WhiteElo "2044"]
[BlackElo "1946"]
[PlyCount "53"]
[EventDate "2013.09.13"]
[EventType "swiss"]
[EventRounds "13"]
[EventCountry "TUR"]
[SourceTitle "CBM 156 Extra"]
[Source "ChessBase"]
[SourceDate "2013.10.22"]
[SourceVersion "1"]
[SourceVersionDate "2013.10.22"]
[SourceQuality "1"]

1. d4 Nf6 2. c4 d6 3. Nc3 Nbd7 4. e4 e5 5. Nf3 c6 6. g3 g6 7. Bg2 Bg7 8. 0-0 0-0 9. Rb1 exd4 10. Nxd4 Nb6 11. b3 Ng4 12. f3 Ne5 13. Kh1 Re8 14. Ba3 Qf6 15. Nde2 Rd8 16. h3 c5 17. Bb2 Qe7 18. Qc2 f5 19. Rbd1 Be6 20. Nf4 Rac8 21. Nxe6 Qxe6 22. exf5 Qxf5 23. Qxf5 gxf5 24. Nb5 Nexc4 25. Bxg7 Ne3 26. Bf6 Nxf1 27. Bxd8 1-0

[Event "SVK-ch op"]
[Site "Banska Stiavnica"]
[Date "2013.07.13"]
[Round "8"]
[White "Edes, Zsofia"]
[Black "Haring, Filip"]
[Result "1-0"]
[WhiteElo "2059"]
[BlackElo "1742"]
[PlyCount "67"]
[EventDate "2013.07.06"]
[EventType "swiss"]
[EventRounds "9"]
[EventCountry "SVK"]
[SourceTitle "CBM 155 Extra"]
[Source "ChessBase"]
[SourceDate "2013.08.26"]
[SourceVersion "1"]
[SourceVersionDate "2013.08.26"]
[SourceQuality "1"]

1. d4 d5 2. c4 c6 3. Nc3 Nf6 4. cxd5 cxd5 5. Bf4 e6 6. e3 Qb6 7. Bd3 a6 8. Nge2 Nc6 9. 0-0 Be7 10. a3 0-0 11. b4 Qd8 12. Qc2 Bd6 13. Bg5 Bxh2+ 14. Kxh2 Ng4+ 15. Kg3 Qxg5 16. f4 Qf6 17. Kxg4 e5+ 18. Kf3 e4+ 19. Nxe4 dxe4+ 20. Bxe4 Qh4 21. Bf5 Qh5+ 22. g4 Qh3+ 23. Ng3 Re8 24. Qd3 Bxf5 25. gxf5 h5 26. Rh1 Qg4+ 27. Kf2 h4 28. Ne2 h3 29. Rag1 Qh4+ 30. Rg3 h2 31. Kg2 Qe7 32. Rxh2 Qd7 33. f6 Qd5+ 34. Kg1 1-0

[Event "SVK-ch op"]
[Site "Banska Stiavnica"]
[Date "2013.07.08"]
[Round "3"]
[White "Volcko, Richard"]
[Black "Edes, Zsofia"]
[Result "1-0"]
[WhiteElo "1766"]
[BlackElo "2059"]
[PlyCount "105"]
[EventDate "2013.07.06"]
[EventType "swiss"]
[EventRounds "9"]
[EventCountry "SVK"]
[SourceTitle "CBM 155 Extra"]
[Source "ChessBase"]
[SourceDate "2013.08.26"]
[SourceVersion "1"]
[SourceVersionDate "2013.08.26"]
[SourceQuality "1"]

1. e4 e6 2. d4 d5 3. e5 c5 4. c3 Nc6 5. Nf3 Qb6 6. a3 Nh6 7. b4 cxd4 8. cxd4 Nf5 9. Bb2 Bd7 10. Be2 Na5 11. Nbd2 Rc8 12. Rc1 Nc6 13. Nb3 Be7 14. 0-0 0-0 15. Qd2 f6 16. exf6 Rxf6 17. Bd3 Rcf8 18. Nc5 Be8 19. Rfe1 Nd8 20. Qe2 Qd6 21. Bxf5 Rxf5 22. Nxe6 Nxe6 23. Qxe6+ Qxe6 24. Rxe6 Bd8 25. Re5 R5f6 26. Rc2 Bg6 27. Rd2 Rd6 28. Rde2 Bf6 29. R5e3 Bh5 30. Rc2 Rd7 31. h3 Bg6 32. Rce2 Be4 33. Nd2 Bg5 34. Nxe4 Bxe3 35. Nc5 Bxf2+ 36. Rxf2 Rdf7 37. Rxf7 Rxf7 38. Na4 Kf8 39. Nc3 Rf5 40. Nb5 Rf6 41. Nxa7 Rb6 42. b5 Rf6 43. Bc3 Ke8 44. Bb4 Kd7 45. Bc5 Kc7 46. b6+ Kd7 47. Nb5 g5 48. Nc7 Kc6 49. Kh2 h5 50. Kg3 Rf4 51. Ne6 h4+ 52. Kh2 Rf5 53. Nd8+ 1-0

[Event "SVK-ch op"]
[Site "Banska Stiavnica"]
[Date "2013.07.07"]
[Round "2"]
[White "Edes, Zsofia"]
[Black "Banduka, Zeljko"]
[Result "1-0"]
[WhiteElo "2059"]
[BlackElo "2168"]
[PlyCount "71"]
[EventDate "2013.07.06"]
[EventType "swiss"]
[EventRounds "9"]
[EventCountry "SVK"]
[SourceTitle "CBM 155 Extra"]
[Source "ChessBase"]
[SourceDate "2013.08.26"]
[SourceVersion "1"]
[SourceVersionDate "2013.08.26"]
[SourceQuality "1"]

1. d4 Nf6 2. c4 g6 3. Nc3 Bg7 4. e4 d6 5. f4 c5 6. d5 0-0 7. Nf3 b5 8. cxb5 a6 9. a4 e6 10. e5 dxe5 11. dxe6 Qxd1+ 12. Kxd1 Bxe6 13. Nxe5 Bb3+ 14. Ke1 Re8 15. Ra3 Be6 16. Kf2 Nbd7 17. Nxd7 Bxd7 18. bxa6 Bf8 19. Bc4 Be6 20. Bb5 Red8 21. h3 c4 22. Ra1 Bc5+ 23. Be3 Rd2+ 24. Kf3 Bxe3 25. Kxe3 Rad8 26. Ne2 R8d3+ 27. Kf2 Ne4+ 28. Kg1 Rxe2 29. a7 Bd5 30. Bxc4 Rxg2+ 31. Kxg2 Rg3+ 32. Kh2 Bb7 33. Ra3 Rg2+ 34. Kxg2 Nd6+ 35. Kh2 Nxc4 36. Rb3 1-0

[Event "SVK-ch U20 Girls"]
[Site "Martin"]
[Date "2013.04.21"]
[Round "3"]
[White "Briestenska, Andrea"]
[Black "Edes, Zsofia"]
[Result "0-1"]
[WhiteElo "1945"]
[BlackElo "2029"]
[PlyCount "58"]
[EventDate "2013.04.19"]
[EventType "tourn"]
[EventRounds "7"]
[EventCountry "SVK"]
[SourceTitle "CBM 154 Extra"]
[Source "ChessBase"]
[SourceDate "2013.06.25"]
[SourceVersion "2"]
[SourceVersionDate "2013.06.25"]
[SourceQuality "1"]

1. f4 Nf6 2. Nf3 g6 3. b3 Bg7 4. Bb2 0-0 5. e3 c5 6. g3 Nc6 7. Bg2 d6 8. Qe2 Re8 9. 0-0 Bg4 10. d3 e5 11. fxe5 dxe5 12. e4 b5 13. Qf2 Rc8 14. a4 a6 15. axb5 axb5 16. h3 Bxf3 17. Bxf3 Nd4 18. Bg2 c4 19. bxc4 bxc4 20. Na3 cxd3 21. cxd3 Re7 22. Nc4 Nh5 23. Ba3 Rd7 24. Rab1 Nxg3 25. Rfe1 Nde2+ 26. Kh2 Rxd3 27. Rb7 Nf4 28. Nb6 Rd2 29. Bc5 Rxc5 0-1

[Event "SVK-chT1W 1213"]
[Site "Slovakia"]
[Date "2013.03.24"]
[Round "11.6"]
[White "Krajnak, Robert"]
[Black "Edes, Zsofia"]
[Result "1/2-1/2"]
[WhiteElo "2075"]
[BlackElo "2044"]
[PlyCount "91"]
[EventDate "2012.10.20"]
[EventType "team-tourn"]
[EventRounds "11"]
[EventCountry "SVK"]
[SourceTitle "EXT 2015"]
[Source "ChessBase"]
[SourceDate "2014.11.20"]
[SourceVersion "1"]
[SourceVersionDate "2014.11.20"]
[SourceQuality "1"]
[WhiteTeam "Bratislava Doprastav II"]
[BlackTeam "Komarno"]
[WhiteTeamCountry "SVK"]
[BlackTeamCountry "SVK"]

1. c4 Nf6 2. Nc3 e6 3. e4 d6 4. d4 c5 5. Nf3 Nc6 6. Be2 g6 7. Be3 b6 8. 0-0 Bg7 9. h3 0-0 10. d5 exd5 11. cxd5 Ne7 12. Nd2 Nd7 13. Nc4 Nf6 14. Bf4 Ne8 15. Nb5 f5 16. e5 dxe5 17. Nxe5 a6 18. d6 axb5 19. dxe7 Qxe7 20. Bxb5 Bxe5 21. Qd5+ Be6 22. Qxe5 Qf6 23. Qe2 Qf7 24. a4 Nf6 25. Qe5 Bc4 26. Bh6 Bxb5 27. axb5 Rxa1 28. Rxa1 Re8 29. Qd6 Qe6 30. Qc7 Nd7 31. Ra7 Qe1+ 32. Kh2 Qe5+ 33. Qxe5 Nxe5 34. Rg7+ Kh8 35. Rb7 Nc4 36. b3 Na5 37. Rxb6 Nxb3 38. Rc6 Rb8 39. b6 Kg8 40. Bf4 Nd4 41. Rxc5 Rxb6 42. Rc8+ Kf7 43. Rc7+ Kg8 44. Rc8+ Kf7 45. Rc7+ Kg8 46. Rc8+ 1/2-1/2

[Event "SVK-chT2B 1213"]
[Site "Slovakia"]
[Date "2013.03.16"]
[Round "10.2"]
[White "Edes, Zsofia"]
[Black "Podoba, Milan"]
[Result "1-0"]
[WhiteElo "2044"]
[BlackElo "2116"]
[PlyCount "41"]
[EventDate "2012.10.13"]
[EventType "team-tourn"]
[EventRounds "11"]
[EventCountry "SVK"]
[SourceTitle "EXT 2015"]
[Source "ChessBase"]
[SourceDate "2014.11.20"]
[SourceVersion "1"]
[SourceVersionDate "2014.11.20"]
[SourceQuality "1"]
[WhiteTeam "Komarno II"]
[BlackTeam "Dubnica nad Vahom II"]
[WhiteTeamCountry "SVK"]
[BlackTeamCountry "SVK"]

1. d4 d5 2. c4 e6 3. Nf3 c6 4. e3 Nf6 5. b3 Nbd7 6. Bd3 Bd6 7. Bb2 0-0 8. Nbd2 Re8 9. Ne5 Qc7 10. f4 c5 11. Rc1 b6 12. Ndf3 Bb7 13. Ng5 Re7 14. Nxd7 Qxd7 15. dxc5 Bxc5 16. Bxf6 gxf6 17. Nxh7 Bb4+ 18. Kf2 Qd8 19. Qh5 Rc7 20. Qh6 Be7 21. Ng5 1-0

[Event "SVK-chT2B 1213"]
[Site "Slovakia"]
[Date "2012.12.16"]
[Round "6.3"]
[White "Edes, Zsofia"]
[Black "Kovac, Lubomir2222"]
[Result "0-1"]
[WhiteElo "2044"]
[BlackElo "2098"]
[PlyCount "110"]
[EventDate "2012.10.13"]
[EventType "team-tourn"]
[EventRounds "11"]
[EventCountry "SVK"]
[SourceTitle "EXT 2015"]
[Source "ChessBase"]
[SourceDate "2014.11.20"]
[SourceVersion "1"]
[SourceVersionDate "2014.11.20"]
[SourceQuality "1"]
[WhiteTeam "Komarno II"]
[BlackTeam "Sala"]
[WhiteTeamCountry "SVK"]
[BlackTeamCountry "SVK"]

1. d4 Nf6 2. c4 e6 3. Nc3 d5 4. Bg5 Nbd7 5. e3 c6 6. Nf3 Qa5 7. Nd2 Bb4 8. Qc2 dxc4 9. Bxf6 Nxf6 10. Bxc4 0-0 11. 0-0 e5 12. Nb3 Qc7 13. Ne4 Be7 14. h3 g6 15. Rac1 Bf5 16. Bd3 Bxe4 17. Bxe4 exd4 18. Nxd4 Nxe4 19. Qxe4 Bf6 20. b3 Qa5 21. a4 Rfe8 22. Qg4 Bxd4 23. Qxd4 Rad8 24. Qg4 Rd3 25. b4 Qd5 26. Rc5 Qe4 27. Qxe4 Rxe4 28. b5 Rxa4 29. bxc6 bxc6 30. Rxc6 Rd2 31. Rb1 Kg7 32. Rc7 Raa2 33. Rbb7 Rxf2 34. Rxa7 Rxg2+ 35. Kh1 Rh2+ 36. Kg1 Rxa7 37. Rxa7 Rxh3 38. Kf2 h5 39. Ra4 g5 40. Re4 g4 41. Kg2 Kg6 42. Re8 Kg5 43. Re5+ Kh4 44. Re7 Rf3 45. Re5 Rf6 46. Re7 Kg5 47. Re5+ Rf5 48. Re8 Ra5 49. Re7 f6 50. Rg7+ Kh4 51. Rg6 Ra2+ 52. Kf1 Kg3 53. Rxf6 h4 54. e4 h3 55. e5 h2 0-1

[Event "Wch U20 Girls 30th"]
[Site "Athens"]
[Date "2012.08.14"]
[Round "12"]
[White "Edes, Zsofia"]
[Black "Galunova, Tsveta"]
[Result "1/2-1/2"]
[WhiteElo "2081"]
[BlackElo "2091"]
[PlyCount "91"]
[EventDate "2012.08.02"]
[EventType "swiss"]
[EventRounds "13"]
[EventCountry "GRE"]
[SourceTitle "CBM 149 Extra"]
[Source "ChessBase"]
[SourceDate "2012.08.24"]
[SourceVersion "1"]
[SourceVersionDate "2012.08.24"]
[SourceQuality "1"]

1. d4 d5 2. c4 c6 3. Nc3 Nf6 4. cxd5 cxd5 5. Bf4 Nc6 6. e3 Bf5 7. Rc1 e6 8. Qb3 Qb6 9. Qxb6 axb6 10. a3 Be7 11. Bb5 0-0 12. Na4 Nd7 13. Ne2 Ra5 14. Nac3 Rc8 15. f3 f6 16. e4 dxe4 17. fxe4 Bg4 18. d5 exd5 19. Nxd5 Rxb5 20. Rxc6 Rxc6 21. Nxe7+ Kf7 22. Nxc6 bxc6 23. b4 Ne5 24. Nc3 Nd3+ 25. Kd2 Nxf4 26. Nxb5 cxb5 27. g3 Ng6 28. Rc1 Ne5 29. Rc7+ Kg6 30. Rb7 Bf3 31. Ke3 Bg2 32. Kd4 Nf3+ 33. Ke3 Ne5 34. Kd4 Nc4 35. a4 Bxe4 36. Rb8 Bc6 37. Rc8 Ne5 38. a5 bxa5 39. bxa5 b4 40. a6 Bg2 41. Rc2 Bh1 42. Rc1 Bg2 43. Rc2 Nc6+ 44. Ke3 Bh1 45. Rc1 Bg2 46. Rc2 1/2-1/2

[Event "SVK-ch op-A"]
[Site "Banska Stiavnica"]
[Date "2012.07.13"]
[Round "7"]
[White "Edes, Zsofia"]
[Black "Jablonicky, Frantisek"]
[Result "1/2-1/2"]
[WhiteElo "2085"]
[BlackElo "2201"]
[PlyCount "50"]
[EventDate "2012.07.07"]
[EventType "swiss"]
[EventRounds "9"]
[EventCountry "SVK"]
[SourceTitle "CBM 149 Extra"]
[Source "ChessBase"]
[SourceDate "2012.08.24"]
[SourceVersion "1"]
[SourceVersionDate "2012.08.24"]
[SourceQuality "1"]

1. d4 f5 2. c4 Nf6 3. Nf3 g6 4. b4 Bg7 5. g3 0-0 6. Bg2 d6 7. Bb2 Qe8 8. 0-0 Nc6 9. b5 Nd8 10. Qd3 Nf7 11. d5 e5 12. dxe6 Bxe6 13. Nbd2 Rd8 14. Nd4 Nd7 15. Nxe6 Qxe6 16. Bxg7 Kxg7 17. Bxb7 Nc5 18. Qd4+ Qe5 19. Qxe5+ dxe5 20. Bd5 Nd6 21. Nb3 Nxb3 22. axb3 Nxb5 23. cxb5 Rxd5 24. Rxa7 Rf7 25. Rc1 Rxb5 1/2-1/2

[Event "CZE/SVK-chT (Women)"]
[Site "Ruzomberok"]
[Date "2012.07.02"]
[Round "6.2"]
[White "Edes, Zsofia"]
[Black "Skrabakova, Katarina"]
[Result "1-0"]
[WhiteElo "2088"]
[BlackElo "2000"]
[PlyCount "79"]
[EventDate "2012.06.30"]
[EventType "team-tourn"]
[EventRounds "9"]
[EventCountry "SVK"]
[SourceTitle "CBM 149 Extra"]
[Source "ChessBase"]
[SourceDate "2012.08.24"]
[SourceVersion "1"]
[SourceVersionDate "2012.08.24"]
[SourceQuality "1"]
[WhiteTeam "Komarno (W)"]
[BlackTeam "Liptov Chess School West (W)"]
[WhiteTeamCountry "SVK"]
[BlackTeamCountry "SVK"]

1. d4 d5 2. c4 c6 3. Nc3 dxc4 4. e4 b5 5. a4 b4 6. Na2 e6 7. Bxc4 Nf6 8. f3 Bb7 9. Be3 Nbd7 10. Nc1 c5 11. Nd3 cxd4 12. Bxd4 Be7 13. a5 0-0 14. Ne2 Qc7 15. b3 Bd6 16. Qd2 Bxh2 17. Nxb4 Bg3+ 18. Nxg3 Qxg3+ 19. Qf2 Qxf2+ 20. Kxf2 e5 21. Be3 a6 22. Rhd1 Rfb8 23. Na2 Rc8 24. Nc3 Nc5 25. Na4 Ncd7 26. Rd3 Bc6 27. Nc3 Kf8 28. Rad1 h6 29. Nd5 Bxd5 30. Bxd5 Nxd5 31. Rxd5 Nf6 32. Rxe5 Rc2+ 33. Rd2 Rxd2+ 34. Bxd2 Rb8 35. b4 Ne8 36. Rc5 Ra8 37. b5 axb5 38. Rxb5 Nd6 39. Bb4 Ra6 40. Rb6 1-0

[Event "CZE/SVK-chT (Women)"]
[Site "Ruzomberok"]
[Date "2012.07.02"]
[Round "5.2"]
[White "Meszarosova, Eva"]
[Black "Edes, Zsofia"]
[Result "0-1"]
[WhiteElo "1577"]
[BlackElo "2088"]
[PlyCount "84"]
[EventDate "2012.06.30"]
[EventType "team-tourn"]
[EventRounds "9"]
[EventCountry "SVK"]
[SourceTitle "CBM 149 Extra"]
[Source "ChessBase"]
[SourceDate "2012.08.24"]
[SourceVersion "1"]
[SourceVersionDate "2012.08.24"]
[SourceQuality "1"]
[WhiteTeam "Dvory nad Zitavou (W)"]
[BlackTeam "Komarno (W)"]
[WhiteTeamCountry "SVK"]
[BlackTeamCountry "SVK"]

1. e4 g6 2. d4 Bg7 3. Nf3 d6 4. Nc3 c6 5. Be3 Nf6 6. Qd2 b5 7. Bd3 Nbd7 8. 0-0 e5 9. d5 cxd5 10. Nxd5 Nxd5 11. exd5 a6 12. a4 f5 13. Bh6 Bxh6 14. Qxh6 b4 15. Bc4 Nf6 16. h3 Qc7 17. Bb3 Ra7 18. Rfe1 Ne4 19. a5 Qg7 20. Ba4+ Kf8 21. Qxg7+ Kxg7 22. Rad1 Bd7 23. Bxd7 Rxd7 24. Nd2 Nxd2 25. Rxd2 Rc8 26. Re3 Rc5 27. Rb3 Rb5 28. f4 Kf6 29. Rf2 Rdb7 30. fxe5+ dxe5 31. d6 Rxa5 32. Rd2 Ke6 33. d7 Rxd7 34. Rxd7 Kxd7 35. Rxb4 Rb5 36. Rxb5 axb5 37. Kf2 Kd6 38. Ke3 g5 39. c3 Kd5 40. b3 h5 41. Kd3 e4+ 42. Ke3 f4+ 0-1

[Event "Mitropa Cup (Women)"]
[Site "Sibenik"]
[Date "2012.06.01"]
[Round "2"]
[White "Edes, Zsofia"]
[Black "Brunello, Marina"]
[Result "1-0"]
[WhiteElo "2088"]
[BlackElo "2267"]
[PlyCount "69"]
[EventDate "2012.05.31"]
[EventType "team-tourn"]
[EventRounds "7"]
[EventCountry "CRO"]
[SourceTitle "CBM 148 Extra"]
[Source "ChessBase"]
[SourceDate "2012.06.22"]
[SourceVersion "1"]
[SourceVersionDate "2012.06.22"]
[SourceQuality "1"]
[WhiteTeam "Slovakia (W)"]
[BlackTeam "Italy (W)"]
[WhiteTeamCountry "SVK"]
[BlackTeamCountry "ITA"]

1. d4 Nf6 2. c4 e6 3. Nc3 Bb4 4. Qc2 c5 5. dxc5 Na6 6. a3 Bxc3+ 7. Qxc3 Nxc5 8. f3 d5 9. cxd5 b6 10. Bg5 exd5 11. Rd1 Be6 12. e4 0-0 13. Bxf6 gxf6 14. b4 Na4 15. Qc2 Qd7 16. exd5 Bf5 17. Bd3 Rfe8+ 18. Kf2 Rac8 19. Qb1 Bxd3 20. Rxd3 Nc3 21. Qb2 Qe7 22. Nh3 Qc7 23. d6 Qc4 24. Rd2 Re5 25. d7 Rd8 26. g3 Rxd7 27. Nf4 Rd4 28. Rc1 Rxf4 29. Rxc3 Qe6 30. gxf4 Rh5 31. Kf1 Kg7 32. Rg2+ Kh6 33. Qe2 Qd5 34. Rc1 Rh3 35. Rg3 1-0

[Event "SVK-chT2B 1112"]
[Site "Slovakia"]
[Date "2012.02.26"]
[Round "11.3"]
[White "Edes, Zsofia"]
[Black "Marko, Anton"]
[Result "1/2-1/2"]
[WhiteElo "1989"]
[BlackElo "2127"]
[PlyCount "27"]
[EventDate "2011.10.08"]
[EventType "team-tourn"]
[EventRounds "11"]
[EventCountry "SVK"]
[SourceTitle "EXT 2013"]
[Source "ChessBase"]
[SourceDate "2012.11.22"]
[SourceVersion "1"]
[SourceVersionDate "2012.11.22"]
[SourceQuality "1"]
[WhiteTeam "Komarno KSC II"]
[BlackTeam "Prievidza SK III"]
[WhiteTeamCountry "SVK"]
[BlackTeamCountry "SVK"]

1. d4 Nf6 2. c4 e6 3. Nc3 Bb4 4. Qc2 c5 5. dxc5 Bxc5 6. Nf3 Nc6 7. a3 a6 8. Bg5 Nd4 9. Nxd4 Bxd4 10. e3 Qa5 11. exd4 Qxg5 12. Ne4 Nxe4 13. Qxe4 d5 14. cxd5 1/2-1/2

[Event "SVK-ch U20 Girls"]
[Site "Senica"]
[Date "2012.01.02"]
[Round "11"]
[White "Edes, Zsofia"]
[Black "Celustkova, Lubica"]
[Result "1-0"]
[WhiteElo "2014"]
[BlackElo "1754"]
[PlyCount "53"]
[EventDate "2011.12.26"]
[EventType "tourn"]
[EventRounds "12"]
[EventCountry "SVK"]
[SourceTitle "CBM 146 Extra"]
[Source "ChessBase"]
[SourceDate "2012.02.29"]
[SourceVersion "1"]
[SourceVersionDate "2012.02.29"]
[SourceQuality "1"]

1. d4 Nf6 2. c4 d6 3. Nc3 g6 4. e4 Bg7 5. f4 0-0 6. Nf3 c5 7. d5 e6 8. Be2 exd5 9. cxd5 Re8 10. e5 dxe5 11. fxe5 Ng4 12. Bg5 Qb6 13. 0-0 Nxe5 14. d6 Bd7 15. Nd5 Nxf3+ 16. Bxf3 Qxb2 17. Nf6+ Bxf6 18. Bxf6 Qxf6 19. Bxb7 Qd8 20. Bxa8 Nc6 21. Qd5 Be6 22. Qxc6 Qxa8 23. Qxa8 Rxa8 24. a3 c4 25. Rab1 Kf8 26. Rb7 Rd8 27. Rd1 1-0

[Event "SVK-chT2B 1112"]
[Site "Slovakia"]
[Date "2011.12.04"]
[Round "6.4"]
[White "Edes, Zsofia"]
[Black "Babindeli, Zoltan"]
[Result "1-0"]
[WhiteElo "1989"]
[BlackElo "1968"]
[PlyCount "46"]
[EventDate "2011.10.08"]
[EventType "team-tourn"]
[EventRounds "11"]
[EventCountry "SVK"]
[SourceTitle "EXT 2013"]
[Source "ChessBase"]
[SourceDate "2012.11.22"]
[SourceVersion "1"]
[SourceVersionDate "2012.11.22"]
[SourceQuality "1"]
[WhiteTeam "Komarno KSC II"]
[BlackTeam "Kamenny Most"]
[WhiteTeamCountry "SVK"]
[BlackTeamCountry "SLO"]

1. d4 Nf6 2. c4 g6 3. Nc3 Bg7 4. e4 d6 5. f4 e5 6. fxe5 dxe5 7. d5 0-0 8. Nf3 Nbd7 9. Bg5 Qe7 10. Be2 h6 11. Bh4 g5 12. Bf2 Ng4 13. Bg1 f5 14. exf5 e4 15. Nd4 Nxh2 16. Rxh2 Qe5 17. Ne6 Qg3+ 18. Kd2 Bxc3+ 19. bxc3 Rxf5 20. Qe1 e3+ 21. Kc2 Rf2 22. Rxh6 Ne5 23. Bxf2 exf2 1-0